000 00472cam a2200145 4500500
005 20251228082742.0
041 _afre
042 _adc
100 1 0 _aJanczukiewick, Jérôme
_eauthor
245 0 0 _aLe renouvellement de la Paulette en 1648
260 _c2002.
500 _a47
786 0 _nDix-septième siècle | 214 | 1 | 2002-03-01 | p. 3-14 | 0012-4273
856 4 1 _uhttps://shs.cairn.info/revue-dix-septieme-siecle-2002-1-page-3?lang=fr&redirect-ssocas=7080
999 _c1599707
_d1599707